LEADER 01446nam 2200337 n 450 001 996386442503316 005 20221108032542.0 035 $a(CKB)1000000000617959 035 $a(EEBO)2248499415 035 $a(UnM)99827668 035 $a(UnM)9927754700971 035 $a(EXLCZ)991000000000617959 100 $a19950308d1655 uy | 101 0 $aeng 135 $aurbn||||a|bb| 200 14$aThe fort-royal of Holy Scriptures, or, A new concordance of the chief heads of Scripture common-placed, for such as would suddenly command all the rarities in the book of God. The third edition revised and enlarged by J.H$b[electronic resource] 210 $aLondon $cprinted for William Leake, and are to be sold at his shop at the signe of the Crown in Fleetstreet, between the two Temple gates$d1655 215 $a[8], 414, [2] p 300 $aJ.H. = John Hart. 300 $aThe final leaf is blank. 300 $aReproduction of the original in the British Library. 330 $aeebo-0018 700 $aHart$b John$cD.D.$0195672 801 0$bCu-RivES 801 1$bCu-RivES 801 2$bCStRLIN 801 2$bWaOLN 906 $aBOOK 912 $a996386442503316 996 $aThe fort-royal of Holy Scriptures, or, A new concordance of the chief heads of Scripture common-placed, for such as would suddenly command all the rarities in the book of God. The third edition revised and enlarged by J.H$92423940 997 $aUNISA